000 01420nam a22002897a 4500
003 OSt
005 20230516102741.0
008 230516b |||||||| |||| 00| 0 eng d
040 _cLado V
082 _2708
_aK82f
100 _9826
_aKontova, Helena
_eeditora
245 _aFlashArt/
260 _aAustralia
_aAustria
_aBelgica
_aCanada
_aFrancia
_aAlemania
_aGran Bretaña
_aHolanda
_aItalia
_aEspaña
_aIrlanda
_bGEA POLITI
_c2000
300 _a128p.
_c20.5x27.5cm
490 _a213
_vXXXIII
_x0394-1493
505 _aFlash Art News
_tBerlin Venice At the Galleries Milan Warsaw Reykjavik Aperto: New York Letters to the Editor Cityscape: Madrid The Beach Theory on TV Group Shows Videoclip
505 _aFeatures
_tSame same but another Eija-Liisa Ahtila Julian Lavrerdiere Daniel Richter Unknown Beauties The Love Mechanics Heri Dono Kwangju Biennial
505 _aGlobal Art
_rFischerspooner Tim Macmillan
505 _aOuvertures
_rSuchan Kinoshita Les Schliesser
505 _aSpotlights
_tOver the Edges Gregory Crewdson
505 _aFlash Art Reviews
650 _2Tesauro de Arte & Arquitectura
_aCATALOGO
650 _2Tesauro de Arte & Arquitectura
_aREVISTA
650 _2Tesauro de Arte & Arquitectura
_aARTE INTERNACIONAL
650 _2Tesauro de Arte & Arquitectura
_aCRITICA
942 _2ddc
_c1
_h708
_iK82f
_n0
999 _c3564
_d3564